| 000 | 00367cam a2200145ua 4500 | ||
|---|---|---|---|
| 003 | OSt | ||
| 008 | 250325b |||||||| |||| 00| 0 eng d | ||
| 041 | _aeng | ||
| 082 |
_a621.900285 _bAPP/RO |
||
| 100 |
_aAppu Kuttan, K K . _97347 |
||
| 245 | _aRobotics / | ||
| 260 |
_aNew Delhi : _bI.K International Publishing House , _c2007. |
||
| 300 | _a315 ; . | ||
| 942 | _cBK | ||
| 999 |
_c13384 _d13384 |
||